Quelle équipe a joué avec ce maillot ? - Statistiques

Statistiques générales
  • Ce quiz a été pris 318 fois
  • Le résultat moyen est 16 sur 20
Statistiques - réponses
Par images Réponse % Correct
FC Barcelone (1995-97)
99%
FC Porto (1990-92)
97%
FC Liverpool (2008-10)
96%
FC Metz (2022-23)
96%
AS Roma (1997-98)
95%
AJ Auxerre (2002-03)
94%
Atlético de Madrid (2016-17)
94%
Fiorentina (2011-12)
94%
PSV Eindhoven (1997-98)
94%
SS Lazio (1999-2000)
94%
Tottenham (2020-21)
94%
Newcastle United (2019-20)
90%
Werder Brême (2009-10)
77%
Chelsea (1999-2001)
67%
Hertha Berlin (2007-08)
59%
OGC Nice (2007-08)
59%
Fluminense (2021)
55%
Glasgow Rangers (2021-22)
45%
RC Strasbourg (2000-01)
36%
Genoa (1992-94)
34%
Aucun quiz correspondant
Distribution des résultats
% des personnes avec chaque résultat
Percentile par nombre de réponses
Votre historique - résultats
Vous n’avez pas pris ce quiz